|
|
|
|
| LEADER |
00000naa0a2200000 4500 |
| 001 |
602634 |
| 005 |
20250911094604.0 |
| 035 |
|
|
|a (RuTPU)RU\TPU\tpu\28588
|
| 035 |
|
|
|a RU\TPU\tpu\28587
|
| 090 |
|
|
|a 602634
|
| 100 |
|
|
|a 20160913d2015 k y0rusy50 ca
|
| 101 |
0 |
|
|a rus
|
| 102 |
|
|
|a RU
|
| 200 |
1 |
|
|a Растекание капли воды на твердых поверхностях
|f Е. Г. Орлова, Д. В. Феоктистов
|g науч. рук. Г. В. Кузнецов
|
| 333 |
|
|
|a В фонде НТБ ТПУ отсутствует
|
| 461 |
|
1 |
|t Тинчуринские чтения
|o материалы докладов X Международной молодежной научной конференции, 25-27 марта 2015 г., Казань : в 3 т.
|f Российская Федерация, Министерство образования и науки [и др.] ; под общ. ред. Э. Ю. Абдуллазянова
|d 2015
|
| 463 |
|
1 |
|t Т. 2
|v С. 10-11
|d 2015
|
| 610 |
1 |
|
|a труды учёных ТПУ
|
| 700 |
|
1 |
|a Орлова
|b Е. Г.
|c специалист в области теплотехники
|c доцент Томского политехнического университета, кандидат физико-математических наук
|f 1991-
|g Евгения Георгиевна
|3 (RuTPU)RU\TPU\pers\32839
|9 16696
|
| 701 |
|
1 |
|a Феоктистов
|b Д. В.
|c специалист в области теплотехники
|c доцент; заместитель директора Томского политехнического университета, кандидат технических наук
|f 1983-
|g Дмитрий Владимирович
|3 (RuTPU)RU\TPU\pers\27998
|9 12987
|
| 702 |
|
1 |
|a Кузнецов
|b Г. В.
|c специалист в области теплоэнергетики
|c профессор Томского политехнического университета, доктор физико-математических наук
|f 1949-
|g Гений Владимирович
|4 727
|
| 712 |
0 |
2 |
|a Национальный исследовательский Томский политехнический университет (ТПУ)
|b Энергетический институт (ЭНИН)
|b Кафедра теоретической и промышленной теплотехники (ТПТ)
|3 (RuTPU)RU\TPU\col\18679
|
| 801 |
|
1 |
|a RU
|b 63413507
|c 20160913
|
| 801 |
|
2 |
|a RU
|b 63413507
|c 20160913
|g RCR
|
| 942 |
|
|
|c BK
|